| 000 | nam a22 a 4500 | ||
|---|---|---|---|
| 999 |
_c3245 _d3245 |
||
| 005 | 20170524152750.0 | ||
| 008 | 170522b my ||||| |||| 00| 0 may d | ||
| 040 | _aAKMAL | ||
| 082 | _a658.3125 KDRM | ||
| 090 |
_a658.3125 _bKDRM |
||
| 245 |
_aPetunjuk-Petunjuk Prestasi Utama & Perlaksanaan Pengukuran Prestasi / _cJabatan Kastam Diraja Malaysia. |
||
| 260 |
_aPutrajaya : _bBahagian Perancangan Korporat, Jabatan Kastam Diraja Malaysia |
||
| 300 |
_a201 ms. _bil. wrn. _c25cm |
||
| 610 |
_aJabatan Kastam Diraja Malaysia _9836 |
||
| 650 | 1 | 0 |
_aPerformance standards _zMalaysia _97851 |
| 650 | 2 | 0 |
_aEmployees _xEmployees _zMalaysia _97852 |
| 710 | 2 |
_aJabatan Kastam Diraja Malaysia _9836 |
|
| 942 |
_2ddc _cBOOK |
||
| 950 | _lAKMAL | ||